000 00510nam a2200181Ia 4500
005 20250508154035.0
008 008 250505s9999 xx 000 0 eng d
037 _aTextual
040 _aFEDL
_beng
_cFEDL
041 _aeng
_2eng
084 _a374, MIL
_qFEDL
100 _aMiller Harry L
_994468
245 0 _aTeaching and learning in adult education
260 _aNew York, USA
_bThe Macmillan Company
_c1964
300 _axi,340p.
942 _cTEXL
_h374, MIL
999 _c1347222
_d1347222